000 00970 a2200253 4500
001 4208
005 20260407155432.0
008 260407a2001 arg spa d
003 AR-UNSa-BCEJYS
040 _aAR-UNSa-BCEJYS
_bspa
_cAR-UNSa-BCEJYS
080 _a347.72
_xSociedades comerciales
245 1 0 _aSociedades comerciales
_pLey 19.550 y complementarias
020 _a950-534-486-4
250 _a17a. ed.
264 1 _aBuenos Aires :
_bA-Z Editora
_c2001
300 _av, 354 p.
_c22 cm.
505 _a1. Disposiciones generales - 2. De las sociedades en particular - 3. De los contratos de colaboración - 4. De las disposiciones de aplicación y transitorias (arts. 384 a 390)
942 _cBK
590 _aniveau_biblio:m niveau_hierar:0
100 1 _aArgentina [Leyes, etc.]
650 _aLey 19.550
856 4 1 _uhttps://biblioeco.unsa.edu.ar/pmb/images/libros/Sociedades comerciales-l118364.jpg
_yImagen de portada
_qimage/jpeg
650 _a ley 19 550
999 _c401
_d401